[Event "9th Hainan Danzhou GM 2018"]
[Site "Danzhou"]
[Date "2018.08.03"]
[Round "7"]
[White "Vidit, Santosh Gujrathi"]
[Black "Le, Quang Liem"]
[Result "0-1"]
[WhiteElo "2718"]
[BlackElo "2728"]
[Annotator "TA"]
[PlyCount "150"]
[EventDate "2018.07.27"]
[EventType "tourn"]
[EventCountry "CHN"]
[SourceTitle "playchess.com"]
[Source "ChessBase"]
[SourceQuality "1"]

{[%evp 21,150,12,18,10,19,14,26,19,38,26,31,27,36,35,34,18,63,46,57,0,0,0,0,-41,0,0,28,28,54,20,35,29,23,16,51,1,1,0,62,0,0,0,0,0,15,11,19,0,0,0,0,0,0,0,14,10,104,104,104,110,225,216,201,70,77,0,206,66,63,0,74,0,0,0,8,8,8,0,21,19,12,8,43,0,38,0,0,0,0,0,0,0,0,0,0,0,0,0,0,0,0,-23,0,-35,-15,-73,-72,-204,-218,-324,-308,-1459,-1530,-1944,-2077,-29963,-29951,-2216,-1333,-2026,-1916,-1910,-1732,-29978,-6176,-29983,-29985,-29991,-29992,-29992,-29993]} 1. d4 Nf6 2. c4 e6 3. Nc3 Bb4 4. Qc2 d5 5. cxd5 exd5 6. Bg5 h6 7. Bh4 c5 8. dxc5 {E35: Nimzoindisch (4.Dc2)} O-O 9. e3 Be6 10. Nf3 Nbd7 11. Be2 Rc8 {LiveBook: 20 Partien} 12. c6 bxc6 13. O-O Qa5 {[#]} 14. Nd4 $146 ({Vorgänger:} 14. Rac1 c5 15. Rfd1 Rfe8 {0-1 (120) Shirov,A (2701)-Adams,M (2752) Bilbao 2014}) 14... Bd6 15. Rfd1 Rfe8 16. Rac1 c5 17. Nxe6 fxe6 18. e4 {[%cal Re4d5]} c4 19. exd5 exd5 {Mit der Idee ...Lf4.} 20. Qf5 (20. g3 $14) 20... Kh8 $11 21. Bf3 {[%cal Rc3d5]} Be5 22. Bg3 (22. Bxd5 $2 Bxc3 23. Be6 (23. bxc3 $2 Rc5 $19) 23... Qxf5 $19) 22... Bxg3 23. hxg3 {[%cal Rc3d5]} Re5 (23... Rc5 $5 {[%cal Rd5d4]} 24. Qf4 (24. Nxd5 Re5 $11) (24. Bxd5 $2 Nb6 $19) 24... Ne5 $11) 24. Qf4 Rce8 25. b3 Nb6 26. Qd4 R5e7 27. g4 (27. Bxd5 $2 Nfxd5 28. Nxd5 Nxd5 $19) (27. Nxd5 $2 Nbxd5 28. Qxc4 Rc7 $19) 27... Rc8 28. Ne2 (28. Bxd5 $2 Nfxd5 29. Nxd5 Nxd5 $19) (28. Nxd5 $2 Nbxd5 29. Rxc4 (29. g5 $2 hxg5 30. Bxd5 Nxd5 $19) 29... Rxc4 $19) 28... Qxa2 29. Nf4 Rec7 ({Günstiger ist} 29... Ree8 $11) 30. bxc4 (30. Qe5 $1 $14) 30... Rxc4 31. Rxc4 Qxc4 32. Qe5 {Droht Sg6+ und aus.} Re8 33. Qf5 Qc3 34. g5 hxg5 35. Qxg5 Re1+ 36. Rxe1 Qxe1+ 37. Kh2 d4 38. Be2 {Droht Matt per Se6.} Qb4 (38... Kg8 $1 $11 {bleibt in der Remisbreite.}) 39. Ng6+ $16 {[%mdl 1024] Weiss hat starke Kompensation.} Kg8 40. Qe5 $1 {[%cal Re5e6]} Kf7 (40... Qd2 $16 41. Nf4 Kh7) 41. Qc7+ $1 $18 Kg8 (41... Kxg6 $2 42. Bd3+ Ne4 43. Qf4 $18 (43. Bxe4+ Kf6 $16)) 42. Ne7+ (42. Qxa7 $6 Qd6+ 43. Kg1 d3 $16) (42. Bd3 $1 $18 {Schwarz muss nun Dd8+ beachten.} Nbd7 43. Qc6 (43. Qxa7 Qb8+ 44. Qxb8+ Nxb8 $16)) 42... Kf8 $14 43. Ng6+ (43. Nf5 $16 Ne8 44. Qxa7) 43... Kg8 $18 44. Qb8+ ({Jedoch nicht} 44. Qxa7 $6 Nbd7 $16) (44. Bd3 $1 $18 Nbd7 45. Qc6 (45. Qxa7 Qb8+ 46. Qxb8+ Nxb8 $16)) 44... Kf7 $14 45. Bd3 ({Lieber} 45. Nh8+ $14 Ke6 46. Qxa7) 45... Qc5 (45... a5 $1 $11) 46. Nf4 ({Besser ist} 46. Qxa7+ $16 Nbd7 47. Qa2+ Ke8 48. g3) 46... Nbd7 $36 {[%mdl 2048] Schwarz steht aktiver.} 47. Qb3+ Ke7 48. Qe6+ Kd8 {Droht stark ...De5.} 49. g3 Nf8 {und nun wäre ...Dh5+! stark für Schwarz.} 50. Qf7 Qe7 51. Qb3 {Beabsichtigt Db8+ und Matt.} N6d7 ({Ein No Go ist} 51... Ng4+ $6 52. Kg2 $16) 52. Qd5 {Und Da8+ würde nun gewinnen.} Qc5 {Weiss sollte ...Dxd5 verhindern.} 53. Qa8+ Ke7 54. Qe4+ Ne5 55. Be2 {zielt auf Sd3 ab.} Kd6 56. Qa8 Ned7 57. Bg4 g5 58. Nd3 Qb5 59. Qe4 Qd5 60. Qe1 a5 61. Qc1 Qb5 62. Be2 Ne6 63. Qa3+ {[#]} (63. Qd2 $11 {hält das Gleichgewicht.}) 63... Nec5 $1 $17 64. Kh3 (64. Nxc5 $17 Qxc5 65. Qb3) 64... Ne5 $19 65. Nxe5 (65. Nxc5 $142 Qxc5 66. Qb3) 65... Qxe2 66. Nf7+ $2 {[#]} (66. Ng4 a4 67. Qb4) 66... Kc6 $1 67. Kg2 g4 68. Nd8+ Kb5 69. Qa1 Qe4+ 70. Kg1 d3 {[%cal Bd4d3,Bd3d2][%mdl 32]} 71. Nf7 Qd5 72. Qb2+ Ka6 (72... Nb3 $142 73. Nd6+ Kb4 74. Qg7 Qxd6 75. Qg8 d2 76. Qxg4+ Qd4 77. Qd1 Qa1 78. Qxa1 Nxa1 79. Kg2 d1=Q 80. Kh3 a4 81. g4 Nc2 82. Kh4 a3 83. Kg5 a2 84. Kf4 a1=Q 85. Kg3 Qe5+ 86. f4 Qg1+ 87. Kh4 Qh2#) 73. Qf6+ Ne6 {Schwarz setzt Matt.} 74. Qc3 d2 75. Qc8+ Ka7 {Precision: Weiß = 38%, Schwarz = 47%.} 0-1

[Event "9th Hainan Danzhou GM 2018"]
[Site "Danzhou"]
[Date "2018.08.03"]
[Round "7"]
[White "Fedoseev, Vladimir"]
[Black "Bu, Xiangzhi"]
[Result "1-0"]
[WhiteElo "2707"]
[BlackElo "2712"]
[Annotator "TA"]
[PlyCount "115"]
[EventDate "2018.07.27"]
[EventType "tourn"]
[EventCountry "CHN"]
[SourceTitle "playchess.com"]
[Source "ChessBase"]
[SourceQuality "1"]

{[%evp 16,115,8,7,17,4,15,11,14,9,14,3,27,17,26,17,20,17,25,22,22,16,31,39,71,71,71,45,40,30,36,35,70,70,122,125,129,95,124,129,116,105,157,153,147,150,189,195,194,195,189,198,213,194,206,206,180,105,105,105,105,105,132,106,206,213,212,207,212,212,212,212,212,212,212,212,228,212,212,212,212,212,212,212,212,212,189,122,119,112,592,555,497,447,785,749,711,679,1177,1151,584,562]} 1. d4 Nf6 2. c4 e6 3. Nf3 b6 4. a3 Bb7 5. Bf4 d5 6. cxd5 exd5 7. Nc3 Bd6 8. Bxd6 Qxd6 9. Rc1 {LiveBook: 19 Games. And now Nb5 would win. E12: Queen's Indian: Unusual White 4th moves, 4 a3, 4 Nc3 Bb7 5 a3 and 4 Nc3 Bb7} Qe7 (9... a6 10. g3 O-O 11. Bg2 Nbd7 12. O-O Rfe8 13. e3 Rac8 14. Ne1 c5 15. dxc5 bxc5 16. Nd3 Nb6 {½-½ (109) Nakamura,H (2779)-Dubov,D (2660) Doha 2016}) 10. g3 O-O 11. Bg2 {The position is equal.} Nbd7 12. O-O c5 13. e3 $146 ({Predecessor:} 13. Re1 Rfd8 {½-½ (24) Piket,J (2410)-Van der Wiel,J (2555) Leiden 1986}) 13... a6 14. Nd2 Rfd8 15. Re1 Rac8 16. e4 dxe4 17. Ncxe4 Nxe4 18. Nxe4 Bxe4 19. Bxe4 Qd6 20. dxc5 $1 Qxd1 21. Rexd1 {Hoping for Bf5.} Nxc5 22. Bf5 Rb8 23. b4 $36 {[%mdl 2048] Black is under pressure.} Ne6 24. Bxe6 Rxd1+ ({Better is} 24... fxe6 $14 25. Rxd8+ Rxd8) 25. Rxd1 $16 fxe6 $14 {[%mdl 4096] Endgame KR-KR} 26. Rd6 Kf7 27. Rd7+ Kf6 28. Ra7 a5 ({Black should play} 28... b5) 29. bxa5 $16 bxa5 30. Rxa5 Rb3 31. a4 Ra3 32. Ra8 g5 33. Kf1 Ra1+ 34. Ke2 Kf5 35. Kf3 $1 g4+ 36. Ke3 (36. Kg2 $1 $18) 36... e5 37. a5 {[%cal Ba4a5,Ba5a6,Ba6a7][%mdl 32] Strongly threatening a6.} Ra3+ 38. Ke2 Ke4 39. a6 $1 Ra1 (39... h6 $16 {was called for.}) 40. a7 $18 h6 41. Kd2 Ra2+ 42. Ke1 $1 Ra1+ {[#]} 43. Ke2 $1 Ra2+ 44. Kf1 Ra1+ 45. Kg2 Ra2 46. h4 h5 47. Rh8 Rxa7 48. Rxh5 Rg7 49. Kf1 Rg8 50. Ke2 Rg7 {[#]} 51. Rh8 $1 Kf5 52. Rf8+ Ke6 $2 {[%mdl 8192]} (52... Ke4 $16 {is a better chance.} 53. Re8 Rc7) 53. f3 {White is clearly winning.} Ke7 54. Ra8 {Threatens to win with Ra7+.} Kf6 (54... Ke6 $142 55. Ra4 gxf3+ 56. Kxf3 Kd5) 55. Ra4 gxf3+ 56. Kxf3 Rf7 57. Ke4 Kg6 58. Ra5 {Precision: White = 87%, Black = 38%.} 1-0